Southville International School and Colleges
Your cart is empty.
  • Cart
  • Lists
    Public lists Eva Luna New books Lux_list list_1
    Your lists Log in to create your own lists
  • Log in to your account
  • Your cookies
  • Search history
Southville International School and Colleges
  • Advanced search
  • Recent comments
  • Most popular
  • Libraries

Log in to your account

Log in with GOOGLE


If you do not have an external account, but do have a local account, you can still log in:

  1. Home
  2. MARC view: The last great forest :
Normal view MARC view ISBD view

The last great forest : (Record no. 292150)

[ view plain ]
MARC details
000 -LEADER
fixed length control field 00755nam a2200241Ia 4500
008 - FIXED-LENGTH DATA ELEMENTS--GENERAL INFORMATION
fixed length control field 160319s9999 xx 000 0 und d
020 ## - INTERNATIONAL STANDARD BOOK NUMBER
International Standard Book Number 9715693563 (pbk.)
050 ## - LIBRARY OF CONGRESS CALL NUMBER
Classification number 634.9
050 ## - LIBRARY OF CONGRESS CALL NUMBER
Item number T161l 2000
100 ## - MAIN ENTRY--PERSONAL NAME
Personal name Tan, Jose Ma. Lorenzo
245 #4 - TITLE STATEMENT
Title The last great forest :
245 ## - TITLE STATEMENT
Remainder of title Luzon's Northern Sierra Madre Natural Park /
245 ## - TITLE STATEMENT
Statement of responsibility, etc by Jose Ma. Lorenzo Tan.
260 ## - PUBLICATION, DISTRIBUTION, ETC. (IMPRINT)
Place of publication, distribution, etc Makati City :
260 ## - PUBLICATION, DISTRIBUTION, ETC. (IMPRINT)
Name of publisher, distributor, etc Bookmark,
260 ## - PUBLICATION, DISTRIBUTION, ETC. (IMPRINT)
Date of publication, distribution, etc 2004
300 ## - PHYSICAL DESCRIPTION
Extent 153 pages :
300 ## - PHYSICAL DESCRIPTION
Other physical details ill. (some col.) ;
300 ## - PHYSICAL DESCRIPTION
Dimensions 23 cm.
650 ## - SUBJECT ADDED ENTRY--TOPICAL TERM
Topical term or geographic name as entry element Forest and forestry -- Environmental aspects -- Philippines -- Sierra Madre.
650 ## - SUBJECT ADDED ENTRY--TOPICAL TERM
Topical term or geographic name as entry element Northern Sierra Madre Natural Park (Philippines).
650 ## - SUBJECT ADDED ENTRY--TOPICAL TERM
Topical term or geographic name as entry element Rain forests -- Philippines -- Luzon.
Holdings
Withdrawn status Lost status Damaged status Home library Current library Shelving location Date acquired Total Checkouts Full call number Barcode Date last seen Price effective from Koha item type
      Stonyhurst Southville International School (Batangas) Stonyhurst Southville International School (Batangas) Filipiniana Section 03/19/2016   Fil 634.9 T161l 2000 US 0292 03/19/2016 03/19/2016 Books

The last great forest :

APA

Tan J. M. L., .The last great forest. Makati City: .

Chicago

Tan Jose Ma Lorenzo, .The last great forest. Makati City: .

Harvard

Tan J. M. L., .The last great forest. Makati City: .

MLA

Tan Jose Ma Lorenzo, .Makati City: . .

  • Place hold
  • Print
  • Cite
  • Add to your cart (remove)
  • Save record
    BIBTEX Dublin Core MARCXML MARC (non-Unicode/MARC-8) MARC (Unicode/UTF-8) MARC (Unicode/UTF-8, Standard) MODS (XML) RIS
  • More searches
    Search for this title in:
    Other Libraries (WorldCat) Other Databases (Google Scholar) Online Stores (Bookfinder.com) Open Library (openlibrary.org)

Exporting to Dublin Core...

SOUTHVILLE LIBRARY

Southville International School and Colleges Library

1281 Tropical Ave. Cor. Luxembourg St., BF Homes International, Las Pinas City

Tel. No. 8256374 / 252358 Loc. 117/146

Powered by Koha